| 000 | 02875cam a2200313 a 4500 | ||
|---|---|---|---|
| 005 | 20260322212017.0 | ||
| 008 | data | ||
| 010 | _a 2010048908 | ||
| 020 | _a9780670022748 | ||
| 020 | _a0670022748 | ||
| 040 |
_aDLC _cDLC _dDLC _dBTCTA _dUPZ _dYDXCP _dOCO _dRL9 _dABG _dBWX _dBUR _dVP@ _dJBL _dCDX _dMOF _dDLC |
||
| 043 | _an-us--- | ||
| 050 | 0 | 0 |
_aHV6760.G47 _bS43 2011 |
| 082 | 0 | 0 |
_a364.16/33 _222 |
| 092 | _a364.16 S43 2011 | ||
| 100 | 1 |
_aSeal, Mark, _d1953- |
|
| 245 | 1 | 4 |
_aThe man in the Rockefeller suit : _bthe astonishing rise and spectacular fall of a serial impostor / _cMark Seal. |
| 260 |
_aNew York : _bViking, _c2011. |
||
| 300 |
_aviii, 323 p., [16] p. of plates : _bill. ; _c24 cm. |
||
| 505 | 0 | _aChristian Karl Gerhartsreiter : Bergen, Germany -- Strangers on a train -- Becoming American -- Christopher Chichester : San Marino, California -- The secret mission -- Christopher Crowe : Greenwich, Connecticut -- Wall Street -- Missing persons -- Clark Rockefeller : New York, New York -- Sandra -- "San Marino bones"-- The last will and testament of Didi Sohus -- The country squire -- Snooks -- The god of war -- The Boston Brahmin -- Peach Melba nights -- "Find out who he is" -- Chip Smith : Baltimore, Maryland -- The manhunt -- One last con? | |
| 520 | _aA probing and cinematic exploration of an audacious impostor, Christian Gerhartsreiter, and his "talented Mr. Ripley" story as Clark Rockefeller. | ||
| 520 | _aThe unbelievable thirty-year run of a shape-shifting con man. Clark Rockefeller's story is a strange twist on the classic American success story of the self-made man--because Clark Rockefeller was totally made up. Born in a small village in Germany, Christian Karl Gerhartsreiter was obsessed with getting to America. At seventeen, he flew into the country on dubious student visa documents. Over the next thirty years, boldly assuming a series of false identities, he moved up the social ladder across the country--culminating in a twelve-year marriage to a Harvard MBA who believed she'd wed a Rockefeller. The imposter charmed his way into exclusive clubs and financial institutions--working on Wall Street, showing off an extraordinary art collection--until his marriage ended and he was arrested for kidnapping his daughter, which exposed his past of astounding deceptions as well as a chilling connection to the bizarre mid-1980s disappearance of a California couple.--From publisher description. | ||
| 600 | 1 | 0 |
_aGerhartsreiter, Christian, _d1961- |
| 650 | 0 |
_aImpostors and imposture _vCase studies. _zUnited States |
|
| 856 | 4 | 2 |
_3Contributor biographical information _uhttp://www.loc.gov/catdir/enhancements/fy1114/2010048908-b.html |
| 856 | 4 | 2 |
_3Publisher description _uhttp://www.loc.gov/catdir/enhancements/fy1114/2010048908-d.html |
| 856 | 4 | 1 |
_3Sample text _uhttp://www.loc.gov/catdir/enhancements/fy1510/2010048908-s.html |
| 001 | data | ||
| 999 |
_c376 _d376 |
||